[Event "Bayern-ch Seniors op 27th"]
[Site "Bergen"]
[Date "2015.06.15"]
[Round "5"]
[White "Schmidt, Gerhard3"]
[Black "Trescher, Manfred"]
[Result "1/2-1/2"]
[WhiteElo "2131"]
[BlackElo "2062"]
[PlyCount "56"]
[EventDate "2015.06.15"]
[EventType "swiss"]
[EventRounds "9"]
[EventCountry "GER"]
[SourceTitle "EXT 2019"]
[Source "ChessBase"]
[SourceDate "2018.10.10"]
[SourceVersion "1"]
[SourceVersionDate "2018.10.10"]
[SourceQuality "1"]

1. d4 d5 2. Nf3 e6 3. c4 c6 4. e3 Nf6 5. Bd3 Nbd7 6. 0-0 Bd6 7. Nc3 0-0 8. e4 dxe4 9. Nxe4 Nxe4 10. Bxe4 h6 11. Bc2 e5 12. Re1 exd4 13. Qxd4 Bc5 14. Qh4 Qxh4 15. Nxh4 Nf6 16. Be3 Bxe3 17. Rxe3 Be6 18. b3 Rad8 19. Re2 c5 20. Bf5 Bxf5 21. Nxf5 Rfe8 22. Kf1 Kf8 23. Rxe8+ Nxe8 24. Ke2 b6 25. Rd1 Rxd1 26. Kxd1 h5 27. Kd2 g6 28. Ne3 Ke7 1/2-1/2

[Event "GER-ch Seniors 22nd"]
[Site "Berlin"]
[Date "2010.08.22"]
[Round "7"]
[White "Wuensch, Ulrich"]
[Black "Trescher, Manfred"]
[Result "1/2-1/2"]
[WhiteElo "1985"]
[BlackElo "2167"]
[PlyCount "32"]
[EventDate "2010.08.16"]
[EventType "swiss"]
[EventRounds "9"]
[EventCountry "GER"]
[SourceTitle "CBM 138 Extra"]
[Source "ChessBase"]
[SourceDate "2010.10.29"]
[SourceVersion "1"]
[SourceVersionDate "2010.10.29"]
[SourceQuality "1"]

1. d4 d5 2. Nf3 e6 3. e3 c6 4. Nbd2 f5 5. c4 Nf6 6. Be2 Be7 7. 0-0 0-0 8. b3 a6 9. Bb2 Bd7 10. Ne5 Be8 11. Rc1 Nbd7 12. Ndf3 Nxe5 13. dxe5 Ne4 14. Nd4 Bd7 15. Bd3 Bc5 16. cxd5 Bxd4 1/2-1/2

[Event "GER-ch Seniors 22nd"]
[Site "Berlin"]
[Date "2010.08.20"]
[Round "5"]
[White "Hanisch, Friedrich"]
[Black "Trescher, Manfred"]
[Result "1/2-1/2"]
[WhiteElo "2035"]
[BlackElo "2167"]
[PlyCount "33"]
[EventDate "2010.08.16"]
[EventType "swiss"]
[EventRounds "9"]
[EventCountry "GER"]
[SourceTitle "CBM 138 Extra"]
[Source "ChessBase"]
[SourceDate "2010.10.29"]
[SourceVersion "1"]
[SourceVersionDate "2010.10.29"]
[SourceQuality "1"]

1. d4 d5 2. Nf3 c6 3. e3 Nf6 4. c4 e6 5. Bd3 Nbd7 6. 0-0 dxc4 7. Bxc4 b5 8. Bd3 a6 9. a4 Bb7 10. Nbd2 Bd6 11. e4 e5 12. dxe5 Nxe5 13. Nxe5 Bxe5 14. Nf3 Qc7 15. Nxe5 Qxe5 16. Qe2 0-0 17. f3 1/2-1/2

[Event "Bayern-ch Seniors 22nd"]
[Site "Bergen"]
[Date "2010.06.16"]
[Round "5"]
[White "Schmidt, Gerhard3"]
[Black "Trescher, Manfred"]
[Result "1-0"]
[WhiteElo "2156"]
[BlackElo "2167"]
[PlyCount "107"]
[EventDate "2010.06.12"]
[EventType "swiss"]
[EventRounds "9"]
[EventCountry "GER"]
[SourceTitle "EXT 2011"]
[Source "ChessBase"]
[SourceDate "2010.11.26"]
[SourceVersion "1"]
[SourceVersionDate "2010.11.26"]
[SourceQuality "1"]

1. d4 e6 2. Nf3 d5 3. e3 Nf6 4. Bd3 Bd6 5. c4 c6 6. 0-0 Nbd7 7. Nbd2 0-0 8. e4 dxe4 9. Nxe4 Nxe4 10. Bxe4 h6 11. Bc2 Re8 12. Qd3 Nf8 13. Rd1 Qc7 14. c5 Bf4 15. Bxf4 Qxf4 16. Ne5 Qf6 17. Re1 Qe7 18. b4 f6 19. Nc4 Rd8 20. Rad1 Qc7 21. Bb3 Kh8 22. Nd6 Rxd6 23. cxd6 Qxd6 24. a3 Bd7 25. Qg3 Qxg3 26. hxg3 Re8 27. f4 g6 28. g4 f5 29. gxf5 gxf5 30. b5 Kg7 31. bxc6 bxc6 32. Ba4 Rc8 33. g3 Ng6 34. Rb1 Rc7 35. Rb8 Bc8 36. Rxc8 Rxc8 37. Rxe6 Rd8 38. Bxc6 Rxd4 39. Be8 Nxf4 40. gxf4 Rxf4 41. Ra6 Rg4+ 42. Kf2 Re4 43. Rxa7+ Kf6 44. Bc6 Rc4 45. Bf3 Kg5 46. Be2 Rc3 47. a4 Ra3 48. a5 h5 49. a6 f4 50. Rg7+ Kh6 51. Rf7 Ra4 52. a7 Kg6 53. Rc7 Ra2 54. Rc6+ 1-0

[Event "Landesliga Sued 0910"]
[Site "Bayern"]
[Date "2010.04.11"]
[Round "9.4"]
[White "Trescher, Manfred"]
[Black "Demel, Paul"]
[Result "1-0"]
[WhiteElo "2180"]
[BlackElo "2106"]
[PlyCount "81"]
[EventDate "2009.10.18"]
[EventType "team-tourn"]
[EventRounds "9"]
[EventCountry "GER"]
[SourceTitle "EXT 2011"]
[Source "ChessBase"]
[SourceDate "2010.11.26"]
[SourceVersion "1"]
[SourceVersionDate "2010.11.26"]
[SourceQuality "1"]
[WhiteTeam "Muenchen Tarrasch II"]
[BlackTeam "Kriegshaber"]
[WhiteTeamCountry "GER"]
[BlackTeamCountry "GER"]

1. e4 e6 2. d4 d5 3. Nc3 Bb4 4. e5 c5 5. a3 Bxc3+ 6. bxc3 Qa5 7. Bd2 Qa4 8. Qb1 c4 9. f4 Nc6 10. Nf3 Bd7 11. Be2 0-0-0 12. 0-0 Nge7 13. Be1 Rdf8 14. Bf2 Kb8 15. Qb2 Nc8 16. Rfb1 Nb6 17. Nd2 Bc8 18. Nf1 Qa5 19. Be1 Na4 20. Qb5 Qxb5 21. Rxb5 a6 22. Rbb1 Na7 23. Ne3 Nb5 24. Nd1 Bd7 25. Rb4 Na7 26. Rab1 Bc6 27. Nb2 Nxb2 28. R4xb2 Kc7 29. Bd2 Rb8 30. Rf1 Rbf8 31. f5 exf5 32. Rxf5 Bd7 33. Rf2 Be6 34. h3 Rb8 35. Bg4 Rhf8 36. Rb1 Bxg4 37. hxg4 Kd7 38. e6+ Kxe6 39. Bf4 Ra8 40. Rxb7 Nb5 41. Re2+ 1-0

[Event "Landesliga Sued 0910"]
[Site "Bayern"]
[Date "2010.03.21"]
[Round "8.4"]
[White "Lochte, Thomas"]
[Black "Trescher, Manfred"]
[Result "0-1"]
[WhiteElo "2170"]
[BlackElo "2180"]
[PlyCount "74"]
[EventDate "2009.10.18"]
[EventType "team-tourn"]
[EventRounds "9"]
[EventCountry "GER"]
[SourceTitle "EXT 2011"]
[Source "ChessBase"]
[SourceDate "2010.11.26"]
[SourceVersion "1"]
[SourceVersionDate "2010.11.26"]
[SourceQuality "1"]
[WhiteTeam "Weilheim"]
[BlackTeam "Muenchen Tarrasch II"]
[WhiteTeamCountry "GER"]
[BlackTeamCountry "GER"]

1. e4 e6 2. d4 d5 3. Nd2 Nf6 4. e5 Nfd7 5. Bd3 c5 6. c3 Nc6 7. Ne2 cxd4 8. cxd4 f6 9. Nf4 Nxd4 10. Qh5+ Ke7 11. Ng6+ hxg6 12. exf6+ Nxf6 13. Qxh8 Kf7 14. Qh4 e5 15. Nb3 Bb4+ 16. Kf1 Nc6 17. Bg5 Be7 18. f3 Qb6 19. Qf2 d4 20. Qc2 Be6 21. Bxg6+ Kg8 22. Bxf6 gxf6 23. Bf5 Bf7 24. g4 Nb4 25. Qd2 Kg7 26. Be4 Rd8 27. h4 d3 28. g5 Nc2 29. gxf6+ Qxf6 30. Rc1 Bc4 31. Rg1+ Kf7 32. Rg5 Qb6 33. Rf5+ Bf6 34. Qc3 Ne3+ 35. Ke1 Bxb3 36. Rxf6+ Kxf6 37. f4 d2+ 0-1

[Event "Regionalliga SW 0809"]
[Site "Bayern"]
[Date "2009.03.01"]
[Round "7.5"]
[White "Trescher, Manfred"]
[Black "Broschwitz, Martin"]
[Result "1/2-1/2"]
[WhiteElo "2134"]
[BlackElo "2086"]
[PlyCount "39"]
[EventDate "2008.10.05"]
[EventType "team-tourn"]
[EventRounds "9"]
[EventCountry "GER"]
[SourceTitle "EXT 2020"]
[Source "ChessBase"]
[SourceDate "2019.10.17"]
[SourceVersion "1"]
[SourceVersionDate "2019.10.17"]
[SourceQuality "1"]
[WhiteTeam "Muenchen Tarrasch II"]
[BlackTeam "Unterhaching"]
[WhiteTeamCountry "GER"]
[BlackTeamCountry "GER"]

1. e4 c6 2. d4 d5 3. e5 Bf5 4. Nc3 e6 5. g4 Bg6 6. Nge2 h6 7. Be3 Nd7 8. Nf4 Bh7 9. h4 Ne7 10. Bd3 Bxd3 11. Qxd3 Qa5 12. 0-0 c5 13. b4 cxb4 14. Nb5 Nc6 15. a3 bxa3 16. Nxa3 Bxa3 17. Rxa3 Qd8 18. Nxe6 Qxh4 19. Nc7+ Kd8 20. Nxa8 1/2-1/2

[Event "Regionalliga SW 0809"]
[Site "Bayern"]
[Date "2009.02.01"]
[Round "6.6"]
[White "Trescher, Manfred"]
[Black "Kuhnert, Josef"]
[Result "1-0"]
[WhiteElo "2134"]
[BlackElo "1963"]
[PlyCount "87"]
[EventDate "2008.10.05"]
[EventType "team-tourn"]
[EventRounds "9"]
[EventCountry "GER"]
[SourceTitle "EXT 2020"]
[Source "ChessBase"]
[SourceDate "2019.10.17"]
[SourceVersion "1"]
[SourceVersionDate "2019.10.17"]
[SourceQuality "1"]
[WhiteTeam "Muenchen Tarrasch II"]
[BlackTeam "Sonthofen"]
[WhiteTeamCountry "GER"]
[BlackTeamCountry "GER"]

1. d4 f5 2. e4 fxe4 3. Nc3 Nf6 4. Bg5 Nc6 5. d5 Ne5 6. Qd4 Nf7 7. Bxf6 exf6 8. Nxe4 f5 9. Nc3 g6 10. Bc4 d6 11. Nge2 Bh6 12. f4 0-0 13. 0-0 Bg7 14. Qd2 c5 15. dxc6 bxc6 16. Bb3 d5 17. Rad1 Ba6 18. Rf3 Qb6+ 19. Kh1 Rae8 20. Nc1 Kh8 21. Na4 Qb5 22. Nd3 Nd6 23. Ne5 Ne4 24. Qd4 Qb7 25. Rh3 Bxe5 26. fxe5 Qg7 27. Nc5 Be2 28. Re1 Qxe5 29. Qxe5+ Rxe5 30. Nd7 Nf2+ 31. Kg1 Nxh3+ 32. gxh3 Re4 33. Nxf8 f4 34. Nd7 f3 35. Kf2 Rh4 36. Kg3 Rd4 37. Ne5 c5 38. Nxf3 Bxf3 39. Kxf3 c4 40. Ba4 c3 41. b3 Rd2 42. Re2 Rd1 43. Bb5 d4 44. Bd3 1-0

[Event "Regionalliga SW 0809"]
[Site "Bayern"]
[Date "2008.11.30"]
[Round "3.6"]
[White "Trescher, Manfred"]
[Black "Abraham, Ludwig"]
[Result "1-0"]
[WhiteElo "2134"]
[BlackElo "1842"]
[PlyCount "81"]
[EventDate "2008.10.05"]
[EventType "team-tourn"]
[EventRounds "9"]
[EventCountry "GER"]
[SourceTitle "EXT 2020"]
[Source "ChessBase"]
[SourceDate "2019.10.17"]
[SourceVersion "1"]
[SourceVersionDate "2019.10.17"]
[SourceQuality "1"]
[WhiteTeam "Muenchen Tarrasch II"]
[BlackTeam "Muenchen Suedost"]
[WhiteTeamCountry "GER"]
[BlackTeamCountry "GER"]

1. d4 d5 2. Nc3 Bf5 3. f3 c6 4. e4 Bg6 5. Be3 e6 6. Bd3 Be7 7. Nge2 Nf6 8. e5 Nfd7 9. f4 c5 10. dxc5 Nxc5 11. Bxg6 hxg6 12. Qd2 Nc6 13. 0-0-0 Qa5 14. Kb1 Rd8 15. Nd4 Nxd4 16. Bxd4 Qa6 17. g3 b6 18. h4 Rc8 19. Qf2 Na4 20. Nxa4 Qxa4 21. Qe2 Qc4 22. Rd3 Bc5 23. Qd1 Bxd4 24. Rxd4 Qb5 25. a4 Qa6 26. b3 Rc3 27. g4 Ke7 28. f5 Rhc8 29. Rh2 b5 30. fxg6 bxa4 31. Rxa4 Qb6 32. gxf7 Kf8 33. Qd4 Qxd4 34. Rxd4 Re3 35. Rf4 Rxe5 36. g5 Rc7 37. g6 Re1+ 38. Kb2 e5 39. Rb4 Rf1 40. Rb8+ Ke7 41. Re8+ 1-0

[Event "Regionalliga SW 0405"]
[Site "Bayern"]
[Date "2005.01.16"]
[Round "5.3"]
[White "Stoehr, Herbert"]
[Black "Trescher, Manfred"]
[Result "0-1"]
[WhiteElo "1987"]
[BlackElo "2184"]
[PlyCount "44"]
[EventDate "2004.10.24"]
[EventType "team-tourn"]
[EventRounds "9"]
[EventCountry "GER"]
[SourceTitle "EXT 2007"]
[Source "ChessBase"]
[SourceDate "2006.11.23"]
[SourceVersion "1"]
[SourceVersionDate "2006.11.23"]
[SourceQuality "1"]
[WhiteTeam "Muenchen Schwabing/Nord II"]
[BlackTeam "Pasing II"]
[WhiteTeamCountry "GER"]
[BlackTeamCountry "GER"]

1. e4 e6 2. d4 d5 3. Nd2 Nf6 4. e5 Nfd7 5. f4 c5 6. c3 Nc6 7. Ndf3 cxd4 8. cxd4 Bb4+ 9. Kf2 f6 10. g3 0-0 11. Bh3 fxe5 12. Bxe6+ Kh8 13. Bxd7 Bxd7 14. Kg2 e4 15. Ne5 Nxe5 16. fxe5 Qb6 17. Be3 Rae8 18. Qb3 Bb5 19. Qxd5 Qa6 20. Nh3 Bc6 21. Qb3 Qe2+ 22. Nf2 Rxf2+ 0-1

[Event "Regionalliga SW 0405"]
[Site "Bayern"]
[Date "2004.10.24"]
[Round "1.3"]
[White "Trescher, Manfred"]
[Black "Schulz, Juergen"]
[Result "1-0"]
[WhiteElo "2184"]
[BlackElo "2077"]
[PlyCount "55"]
[EventDate "2004.10.24"]
[EventType "team-tourn"]
[EventRounds "9"]
[EventCountry "GER"]
[SourceTitle "EXT 2007"]
[Source "ChessBase"]
[SourceDate "2006.11.23"]
[SourceVersion "1"]
[SourceVersionDate "2006.11.23"]
[SourceQuality "1"]
[WhiteTeam "Pasing II"]
[BlackTeam "Bayern Muenchen III"]
[WhiteTeamCountry "GER"]
[BlackTeamCountry "GER"]

1. e4 c6 2. d4 d5 3. e5 Bf5 4. h4 h6 5. g4 Bh7 6. e6 fxe6 7. Bd3 g6 8. g5 h5 9. Nh3 e5 10. dxe5 e6 11. Nf4 Ne7 12. Nxh5 Nd7 13. Nf6+ Kf7 14. h5 Nxf6 15. hxg6+ Bxg6 16. Rxh8 Ne4 17. Bxe4 Bxe4 18. Nc3 Bf5 19. g6+ Nxg6 20. Qh5 Qc7 21. Bf4 d4 22. Qh7+ Bg7 23. Rxa8 Ne7 24. Qh5+ Bg6 25. Qf3 dxc3 26. Bd2+ Nf5 27. Bxc3 Bxe5 28. 0-0-0 1-0

[Event "Bahn-chM"]
[Site "Winterberg"]
[Date "2004.10.02"]
[Round "7"]
[White "Neukirch, Detlef"]
[Black "Trescher, Manfred"]
[Result "1/2-1/2"]
[WhiteElo "2183"]
[BlackElo "2128"]
[PlyCount "53"]
[EventDate "2004.09.26"]
[EventType "swiss"]
[EventRounds "7"]
[EventCountry "GER"]
[SourceTitle "EXT 2013"]
[Source "ChessBase"]
[SourceDate "2012.11.22"]
[SourceVersion "1"]
[SourceVersionDate "2012.11.22"]
[SourceQuality "1"]

1. e4 e6 2. d4 d5 3. e5 c5 4. c3 Qb6 5. Nf3 Bd7 6. a3 a5 7. b3 a4 8. b4 c4 9. g3 h6 10. Bg2 Ne7 11. 0-0 Na6 12. Ne1 0-0-0 13. Nc2 f5 14. h4 g6 15. Nd2 Bg7 16. Nf3 Rdg8 17. Bf4 Qd8 18. Qc1 b5 19. Re1 Nc7 20. Kf1 Nc6 21. Ng1 Bf8 22. Nh3 Qe7 23. Re2 Qg7 24. Bd2 Be7 25. f4 Nd8 26. Ne1 Nf7 27. Nf3 1/2-1/2

[Event "Bled op 24th"]
[Site "Bled"]
[Date "2003.07.18"]
[Round "6"]
[White "Begovac, Franja"]
[Black "Trescher, Manfred"]
[Result "1/2-1/2"]
[WhiteElo "2416"]
[BlackElo "2230"]
[PlyCount "73"]
[EventDate "2003.07.14"]
[EventType "swiss"]
[EventRounds "9"]
[EventCountry "SLO"]
[SourceTitle "CBM 095 Extra"]
[Source "ChessBase"]
[SourceDate "2003.09.04"]
[SourceVersion "1"]
[SourceVersionDate "2003.09.04"]
[SourceQuality "1"]

1. d4 d5 2. c4 e6 3. Nf3 c6 4. Nbd2 Nd7 5. e3 Ngf6 6. Bd3 Bb4 7. 0-0 0-0 8. Qc2 Re8 9. Ne5 Nf8 10. a3 Bd6 11. b4 N6d7 12. Bb2 f6 13. Nxd7 Bxd7 14. e4 Qb8 15. Nf3 b5 16. cxd5 cxd5 17. e5 Be7 18. exf6 gxf6 19. Bc1 Rc8 20. Qe2 Ng6 21. Bxg6 hxg6 22. Nh4 g5 23. Qh5 Rxc1 24. Qg6+ Kf8 25. Qh6+ Ke8 26. Qh8+ Bf8 27. Qh5+ Kd8 28. Raxc1 gxh4 29. Qxh4 Qd6 30. Qxf6+ Qe7 31. Qf4 Qd6 32. Qg5+ Qe7 33. Qe5 Qd6 34. Qh8 Rc8 35. Qf6+ Qe7 36. Qf4 Qd6 37. Qf6+ 1/2-1/2

[Event "Oberliga Bayern 0203"]
[Site "Bayern"]
[Date "2003.01.12"]
[Round "4.8"]
[White "Trescher, Manfred"]
[Black "Aswolinski, Witali"]
[Result "1-0"]
[WhiteElo "2189"]
[BlackElo "1811"]
[PlyCount "35"]
[EventDate "2002.10.20"]
[EventType "team-tourn"]
[EventRounds "9"]
[EventCountry "GER"]
[SourceTitle "EXT 2004"]
[Source "ChessBase"]
[SourceDate "2003.11.25"]
[SourceVersion "1"]
[SourceVersionDate "2003.11.25"]
[SourceQuality "1"]
[WhiteTeam "Pasing"]
[BlackTeam "Kriegshaber"]
[WhiteTeamCountry "GER"]
[BlackTeamCountry "GER"]

1. e4 e5 2. Nf3 Nc6 3. d4 exd4 4. Nxd4 Bc5 5. Be3 Qf6 6. c3 Nxd4 7. cxd4 Bb4+ 8. Nc3 c6 9. Bd3 d6 10. 0-0 Bd7 11. Qb3 Bxc3 12. Qxb7 Bxb2 13. Qxa8+ Ke7 14. e5 dxe5 15. dxe5 Qxe5 16. Rae1 Be6 17. Bc1 Qd4 18. Qb7+ 1-0

[Event "Bayern-chI Bank Hofmann 6th"]
[Site "Bad Wiessee"]
[Date "2002.11.03"]
[Round "9"]
[White "Trescher, Manfred"]
[Black "Biebinger, Gerhard"]
[Result "1-0"]
[WhiteElo "2184"]
[BlackElo "2391"]
[PlyCount "75"]
[EventDate "2002.10.26"]
[EventType "swiss"]
[EventRounds "9"]
[EventCountry "GER"]
[SourceTitle "EXT 2003"]
[Source "ChessBase"]
[SourceDate "2002.11.25"]
[SourceVersion "1"]
[SourceVersionDate "2002.11.25"]
[SourceQuality "1"]

1. e4 e6 2. d4 d5 3. Nc3 Bb4 4. e5 b6 5. Qg4 Bf8 6. Bg5 Qd7 7. Bb5 Nc6 8. Nf3 a6 9. Be2 Bb7 10. 0-0 Nge7 11. Rfd1 h6 12. Be3 Nf5 13. Qh3 0-0-0 14. g4 Nxe3 15. fxe3 f6 16. Qf1 a5 17. Bb5 h5 18. Qg2 hxg4 19. Qxg4 Kb8 20. Rd2 Be7 21. Qg6 Rdg8 22. Rg2 Qc8 23. Ne2 fxe5 24. Bxc6 Bxc6 25. Nxe5 Be8 26. Qd3 g5 27. c4 Qa6 28. b3 Bd6 29. Qc3 Bxe5 30. dxe5 c5 31. cxd5 exd5 32. e6 Bc6 33. Qe5+ Ka8 34. Nc3 d4 35. Nd5 Qd3 36. e4 Rb8 37. Re1 Rb7 38. Qxh8+ 1-0

[Event "Bayern-chI Bank Hofmann 6th"]
[Site "Bad Wiessee"]
[Date "2002.11.02"]
[Round "8"]
[White "Mentel, Juergen"]
[Black "Trescher, Manfred"]
[Result "0-1"]
[WhiteElo "2085"]
[BlackElo "2184"]
[PlyCount "98"]
[EventDate "2002.10.26"]
[EventType "swiss"]
[EventRounds "9"]
[EventCountry "GER"]
[SourceTitle "EXT 2003"]
[Source "ChessBase"]
[SourceDate "2002.11.25"]
[SourceVersion "1"]
[SourceVersionDate "2002.11.25"]
[SourceQuality "1"]

1. e4 e6 2. d4 d5 3. e5 c5 4. c3 Qb6 5. Nf3 Bd7 6. Be2 Bb5 7. 0-0 Bxe2 8. Qxe2 Qa6 9. Qxa6 Nxa6 10. Be3 Rc8 11. Nbd2 Ne7 12. Nb3 b6 13. Rac1 Nf5 14. Bf4 c4 15. Na1 Be7 16. Nc2 h6 17. g4 Nh4 18. Nxh4 Bxh4 19. Bg3 Be7 20. f4 h5 21. h3 hxg4 22. hxg4 g6 23. Kg2 Kd7 24. Rh1 b5 25. a3 Nb8 26. Rxh8 Rxh8 27. Rh1 Rxh1 28. Kxh1 Kc6 29. Kg2 Kb6 30. Kf3 Ka5 31. Ke2 Ka4 32. Kd1 a5 33. Be1 Kb3 34. Kc1 Ka2 35. Ne3 Nc6 36. Kc2 b4 37. axb4 axb4 38. g5 b3+ 39. Kc1 Nb8 40. Bh4 Nd7 41. f5 Nb6 42. f6 Bf8 43. Ng4 Ba3 44. Nh6 Bxb2+ 45. Kd2 Bc1+ 46. Kxc1 b2+ 47. Kd2 b1Q 48. Nxf7 Qd3+ 49. Ke1 Qe4+ 0-1

[Event "Bayern-chI Bank Hofmann 6th"]
[Site "Bad Wiessee"]
[Date "2002.10.30"]
[Round "5"]
[White "Trescher, Manfred"]
[Black "Spieker, Achim"]
[Result "1/2-1/2"]
[WhiteElo "2184"]
[BlackElo "1915"]
[PlyCount "72"]
[EventDate "2002.10.26"]
[EventType "swiss"]
[EventRounds "9"]
[EventCountry "GER"]
[SourceTitle "EXT 2003"]
[Source "ChessBase"]
[SourceDate "2002.11.25"]
[SourceVersion "1"]
[SourceVersionDate "2002.11.25"]
[SourceQuality "1"]

1. d4 Nf6 2. Nc3 d5 3. Bg5 g6 4. Bxf6 exf6 5. e3 Bg7 6. h4 h5 7. Be2 c6 8. Qd2 Bf5 9. Bd3 Bxd3 10. Qxd3 Nd7 11. Nge2 Qe7 12. 0-0-0 f5 13. Rde1 0-0-0 14. Nf4 Nf6 15. f3 Rhe8 16. Na4 Bh6 17. g3 Qb4 18. Qb3 Qxb3 19. axb3 Bxf4 20. exf4 b6 21. b4 Kd7 22. b3 Rxe1+ 23. Rxe1 Re8 24. Re5 Kd6 25. c4 Re6 26. c5+ Kc7 27. Nb2 Nd7 28. Rxe6 fxe6 29. Nd3 Kd8 30. Kd2 Ke7 31. Ke3 Kf6 32. Ne5 Nxe5 33. fxe5+ Kf7 34. Kf4 b5 35. g4 hxg4 36. fxg4 Kg7 1/2-1/2

[Event "Bayern-chI Bank Hofmann 6th"]
[Site "Bad Wiessee"]
[Date "2002.10.27"]
[Round "2"]
[White "Schmaltz, Roland"]
[Black "Trescher, Manfred"]
[Result "1-0"]
[WhiteElo "2529"]
[BlackElo "2184"]
[PlyCount "97"]
[EventDate "2002.10.26"]
[EventType "swiss"]
[EventRounds "9"]
[EventCountry "GER"]
[SourceTitle "EXT 2003"]
[Source "ChessBase"]
[SourceDate "2002.11.25"]
[SourceVersion "1"]
[SourceVersionDate "2002.11.25"]
[SourceQuality "1"]

1. e4 e6 2. d4 d5 3. Nc3 Bb4 4. e5 c5 5. a3 Bxc3+ 6. bxc3 Qc7 7. Nf3 b6 8. Bb5+ Bd7 9. Bd3 Ba4 10. 0-0 Ne7 11. Nh4 c4 12. Be2 h6 13. f4 g6 14. g4 Nd7 15. f5 gxf5 16. gxf5 0-0-0 17. f6 Rdg8+ 18. Kh1 Nc6 19. Bf4 a5 20. Bh5 Nf8 21. Qd2 Ng6 22. Bg3 Nd8 23. Ng2 Nf8 24. Bf4 Ng6 25. Be3 Qc6 26. Rf3 Qe8 27. Rh3 Qf8 28. Bf3 h5 29. Rxh5 Rxh5 30. Bxh5 Rh8 31. Bg4 Qg8 32. Qe2 Qh7 33. h3 Nh4 34. Nxh4 Qxh4 35. Rg1 Qh7 36. Rg2 Nc6 37. Kh2 b5 38. Qd2 Kd7 39. Bg5 Qe4 40. Qe2 Qxe2 41. Rxe2 b4 42. axb4 axb4 43. cxb4 Nxd4 44. Rd2 Nc6 45. Rxd5+ Kc7 46. Rc5 Kb6 47. Be3 Ka6 48. c3 Bb5 49. Bf3 1-0